Central Library OPAC University of Rajshahi

Adolescents : (Record no. 2551)

MARC details
000 -LEADER
fixed length control field 00898cam a22002651 4500
001 - CONTROL NUMBER
control field 2551
003 - CONTROL NUMBER IDENTIFIER
rucl marc code BD-RjUL
005 - DATE AND TIME OF LATEST TRANSACTION
control field 20211208233558.0
008 - FIXED-LENGTH DATA ELEMENTS--GENERAL INFORMATION
fixed length control field 140409r19641961nyua b 001 0 eng
035 ## - SYSTEM CONTROL NUMBER
System control number (BD-RjUL)2578
040 ## - CATALOGING SOURCE
Original cataloging agency DLC
Transcribing agency DLC
Modifying agency DLC
-- BD-RjUL
Language of cataloging eng
041 ## - LANGUAGE CODE
Language code of text/sound track or separate title eng
082 00 - DEWEY DECIMAL CLASSIFICATION NUMBER
Classification number 131.342
Author mark and year ADO 1964
245 10 - TITLE STATEMENT
Title Adolescents :
Remainder of title psychoanalytic approach to problems and therapy /
Statement of responsibility, etc. by 19 contributors. Edited by Sandor Lorand and Henry I. Schneer. Foreword by David M. Engelhardt.
260 ## - PUBLICATION, DISTRIBUTION, ETC. (IMPRINT)
Place of publication, distribution, etc. New York :
Name of publisher, distributor, etc. P. B. Hoeber,
Date of publication, distribution, etc. 1961 [printing 1964]
300 ## - PHYSICAL DESCRIPTION
Pagination 378 p. :
Illustrations ill. ;
Size 24 cm.
504 ## - BIBLIOGRAPHY, ETC. NOTE
Bibliography, etc Includes bibliography and index.
650 #0 - SUBJECT ADDED ENTRY--TOPICAL TERM
Topical term or geographic name as entry element Adolescent analysis.
9 (RLIN) 91777
Topical term or geographic name as entry element Adolescent psychiatry.
9 (RLIN) 43197
700 1# - ADDED ENTRY--PERSONAL NAME
Personal name Schneer, Henry I.,
Relator term joint ed.
Personal name Lorand, Sándor,
942 ## - ADDED ENTRY ELEMENTS (KOHA)
Source of classification or shelving scheme Dewey Decimal Classification
Koha item type Books
Holdings
Lost status Source of classification or shelving scheme Damaged status Not for loan Collection code Permanent Location Current Location Shelving location Date acquired Source of acquisition Cost, normal purchase price Total Checkouts Full call number Date last seen Copy number Koha item type
  Dewey Decimal Classification   Not For Loan Non-fiction Central Library, University of Rajshahi Central Library, University of Rajshahi Reading Room 05/07/1966 Asia Fundation Gift 0.00   131.342 ADO 1964 09/04/2014 C-1 Books